The opportunity criterion: consumer sovereignty without the assumption of coherent preferences (Record no. 63000)

000 -LEADER
fixed length control field 00407pab a2200145 454500
008 - FIXED-LENGTH DATA ELEMENTS--GENERAL INFORMATION
fixed length control field 180718b2004 xxu||||| |||| 00| 0 eng d
100 ## - MAIN ENTRY--PERSONAL NAME
Personal name Sugden, Robert
245 ## - TITLE STATEMENT
Title The opportunity criterion: consumer sovereignty without the assumption of coherent preferences
260 ## - PUBLICATION, DISTRIBUTION, ETC.
Date of publication, distribution, etc. 2004
300 ## - PHYSICAL DESCRIPTION
Extent p.1014-033.
362 ## - DATES OF PUBLICATION AND/OR SEQUENTIAL DESIGNATION
Dates of publication and/or sequential designation Sep
650 ## - SUBJECT ADDED ENTRY--TOPICAL TERM
Topical term or geographic name entry element Consumers
773 ## - HOST ITEM ENTRY
Main entry heading American Economic Review
909 ## -
-- 63000
Holdings
Withdrawn status Lost status Damaged status Not for loan Permanent Location Current Location Date acquired Serial Enumeration / chronology Barcode Date last seen Price effective from Koha item type
        Indian Institute of Public Administration Indian Institute of Public Administration 2018-07-19 Volume no: 94, Issue no: 4 AR63450 2018-07-19 2018-07-19 Articles

Powered by Koha